000 00492nam a2200181Ia 4500
001 4649
005 20260306145811.0
008 260306t2004||||xx |||||||||||||| ||spa||
041 _aESP
082 _a328.8502
_bC76
100 _aConsorcio de Investigación Económica y Social
_eAUT
245 0 _aDiálogos parlamentarios:
_ba propósito del debate presupuestal 2005
260 _c2004
300 _a30 páginas :
_c20 cm.
650 _aGEN
654 _aCDE
942 _cLIB
_dJUS
_fJUS
_2ddc
_n
999 _c4649
_d4649